2026 Olympische Wintersspiele - Medaillenspiegel - Statistiken

Allgemein
  • Dieses Quiz wurde 76 mal gespielt
  • Das Durchschnittsergebnis liegt bei 22 aus 29
Antwortstatistiken
🥇 🥈 🥉 Land % Korrekt
8 10 8 Deutschland
97%
18 12 11 Norwegen
97%
12 12 9 Vereinigte Staaten
97%
8 6 4 Schweden
94%
6 9 8 Schweiz
93%
5 4 6 China
91%
10 6 14 Italien
91%
5 7 12 Japan
91%
10 7 3 Niederlande
91%
5 8 5 Österreich
91%
0 1 5 Finnland
90%
8 9 6 Frankreich
90%
5 7 9 Kanada
88%
1 0 2 Spanien
81%
0 3 1 Polen
78%
0 0 1 Belgien
76%
1 0 0 Brasilien
74%
0 1 0 Dänemark
72%
3 2 1 Australien
69%
2 1 1 Slowenien
69%
2 1 1 Tschechien
69%
3 4 3 Südkorea
68%
0 1 0 Estland
60%
0 1 1 Lettland
60%
3 1 1 Großbritannien
59%
0 2 1 Neuseeland
54%
0 0 1 Bulgarien
46%
1 0 0 Kasachstan
40%
0 1 0 Georgien
18%
Keine übereinstimmenden Quizze gefunden
Verteilung der Resultate
Anzahl Personen mit jedem Resultat
Perzentil nach korrekt beantworteten Fragen
Ihre Resultats-Entwicklung
Sie haben dieses Quiz noch nicht gespielt